<?xml version="1.0" encoding="UTF-8"?>
<record
    xmlns:xsi="http://www.w3.org/2001/XMLSchema-instance"
    xsi:schemaLocation="http://www.loc.gov/MARC21/slim http://www.loc.gov/standards/marcxml/schema/MARC21slim.xsd"
    xmlns="http://www.loc.gov/MARC21/slim">

  <leader>00956nam a22001697a 4500</leader>
  <datafield tag="999" ind1=" " ind2=" ">
    <subfield code="c">8722</subfield>
    <subfield code="d">8722</subfield>
  </datafield>
  <controlfield tag="003">OSt</controlfield>
  <controlfield tag="008">200707b           ||||| |||| 00| 0 eng d</controlfield>
  <datafield tag="020" ind1=" " ind2=" ">
    <subfield code="a">9788123917900</subfield>
  </datafield>
  <datafield tag="100" ind1=" " ind2=" ">
    <subfield code="a">Razdan, Balkishan</subfield>
  </datafield>
  <datafield tag="245" ind1=" " ind2=" ">
    <subfield code="a">Medicinal  Chemistry</subfield>
  </datafield>
  <datafield tag="250" ind1=" " ind2=" ">
    <subfield code="a">2nd, 2019</subfield>
  </datafield>
  <datafield tag="260" ind1=" " ind2=" ">
    <subfield code="a">New Delhi</subfield>
    <subfield code="b">CBS Publishers &amp; Distributors Pvt. Ltd.</subfield>
  </datafield>
  <datafield tag="300" ind1=" " ind2=" ">
    <subfield code="a">Pg. 104</subfield>
  </datafield>
  <datafield tag="500" ind1=" " ind2=" ">
    <subfield code="a">It aims to be a text for the undergraduate students of pharmacy. The book provides detailed information on the various classes of drugs used in clinical practice. Each chapter gives an introduction about the disease, classes of compounds used, their mechanism of action, and structure-activity relationships. At the end of each chapter synthesis of selected compounds used in clinical practice is given. The text is divided into ten sections, discussing a wide variety of topics to fully cover and meet the requirements of the students.</subfield>
  </datafield>
  <datafield tag="650" ind1=" " ind2=" ">
    <subfield code="a">Medicinal Chemistry</subfield>
  </datafield>
  <datafield tag="942" ind1=" " ind2=" ">
    <subfield code="2">ddc</subfield>
    <subfield code="c">BK</subfield>
    <subfield code="0">1</subfield>
  </datafield>
  <datafield tag="952" ind1=" " ind2=" ">
    <subfield code="0">0</subfield>
    <subfield code="1">0</subfield>
    <subfield code="2">ddc</subfield>
    <subfield code="4">0</subfield>
    <subfield code="7">0</subfield>
    <subfield code="8">BP</subfield>
    <subfield code="a">PIET</subfield>
    <subfield code="b">PIET</subfield>
    <subfield code="d">2020-02-01</subfield>
    <subfield code="e">Kirti Prakashan</subfield>
    <subfield code="f">IN Rupees</subfield>
    <subfield code="g">650.00</subfield>
    <subfield code="k">IN6239</subfield>
    <subfield code="l">2</subfield>
    <subfield code="o">615.19  RAM</subfield>
    <subfield code="p">BP760</subfield>
    <subfield code="r">2025-06-17 00:00:00</subfield>
    <subfield code="s">2025-03-31</subfield>
    <subfield code="v">419.25</subfield>
    <subfield code="w">2020-02-01</subfield>
    <subfield code="y">BK</subfield>
  </datafield>
  <datafield tag="952" ind1=" " ind2=" ">
    <subfield code="0">0</subfield>
    <subfield code="1">0</subfield>
    <subfield code="2">ddc</subfield>
    <subfield code="4">0</subfield>
    <subfield code="7">0</subfield>
    <subfield code="8">BP</subfield>
    <subfield code="a">PIET</subfield>
    <subfield code="b">PIET</subfield>
    <subfield code="d">2020-02-01</subfield>
    <subfield code="e">Kirti Prakashan</subfield>
    <subfield code="f">IN Rupees</subfield>
    <subfield code="g">650.00</subfield>
    <subfield code="k">IN6239</subfield>
    <subfield code="l">0</subfield>
    <subfield code="o">615.19 RAM</subfield>
    <subfield code="p">BP761</subfield>
    <subfield code="r">2020-07-07 00:00:00</subfield>
    <subfield code="v">419.25</subfield>
    <subfield code="w">2020-02-01</subfield>
    <subfield code="y">REF</subfield>
  </datafield>
</record>
